00369 2200145 4500001002100000005001500021035002000036245006000056100002400116300001200140260002500152082000800177084001400185990002400199INLIS00000000000224920250527022210 a0010-05250005411 aGenerasi Muda Menolak Kemiskinan /cChavchay Syaifullah0 aChavchay Syaifullah a132 hlm bCempaka Putih,c2008 a000 a000 CHA g a0713169 s/d 0713170